[Event "Gibraltar Amateurs op-A"]
[Site "Caleta"]
[Date "2020.01.20"]
[Round "1"]
[White "Johansson, Daniel3"]
[Black "Koreywo, Witold"]
[Result "1-0"]
[WhiteElo "1799"]
[BlackElo "1601"]
[PlyCount "71"]
[EventDate "2020.01.20"]
[EventType "swiss"]
[EventRounds "5"]
[EventCountry "GGB"]
[SourceTitle "CBM 194 Extra"]
[Source "ChessBase"]
[SourceDate "2020.03.31"]
[SourceVersion "1"]
[SourceVersionDate "2020.03.31"]
[SourceQuality "1"]

1. Nf3 d5 2. c4 e6 3. b3 c5 4. e3 Nc6 5. Be2 Nf6 6. 0-0 Be7 7. Bb2 0-0 8. d4 cxd4 9. Nxd4 a6 10. Nxc6 bxc6 11. Nc3 Bb7 12. Qc2 Rc8 13. Rfd1 Qc7 14. Rac1 c5 15. cxd5 exd5 16. Na4 Qc6 17. Bf3 Rfd8 18. h3 Rd7 19. Bxf6 Qxf6 20. Bg4 Rdd8 21. Bxc8 Rxc8 22. Qe2 Qc6 23. Qf3 Qb5 24. Nc3 Qa5 25. Nxd5 Bxd5 26. Qxd5 Rd8 27. Qc6 Bh4 28. Rxd8+ Qxd8 29. Qxc5 Bxf2+ 30. Kxf2 Qf6+ 31. Ke2 h6 32. Qd4 Qg5 33. Qe4 f5 34. Qf3 f4 35. Rc8+ Kh7 36. Qe4+ 1-0

[Event "Gibraltar Amateur op-A"]
[Site "Caleta"]
[Date "2019.01.25"]
[Round "5"]
[White "Koreywo, Witold"]
[Black "Krause, Marianne"]
[Result "1/2-1/2"]
[WhiteElo "1553"]
[BlackElo "1637"]
[PlyCount "72"]
[EventDate "2019.01.21"]
[EventType "swiss"]
[EventRounds "5"]
[EventCountry "GGB"]
[SourceTitle "CBM 188 Extra"]
[Source "ChessBase"]
[SourceDate "2019.02.28"]
[SourceVersion "1"]
[SourceVersionDate "2019.02.28"]
[SourceQuality "1"]

1. d4 Nf6 2. Bf4 e6 3. e3 c5 4. c3 Nc6 5. Nf3 Be7 6. Nbd2 cxd4 7. exd4 b6 8. Bd3 Bb7 9. 0-0 0-0 10. Re1 Nh5 11. Bg3 Nxg3 12. hxg3 f5 13. Ne5 Rf6 14. f3 Nxe5 15. dxe5 Bc5+ 16. Kf1 Rh6 17. b4 Be7 18. Ke2 Qc7 19. Rc1 Qxe5+ 20. Kf2 Qf6 21. Rh1 Rc8 22. Rxh6 Qxh6 23. a3 Bf6 24. Bb5 Bxc3 25. f4 Bd4+ 26. Ke2 Qh5+ 27. Nf3 Bxf3+ 28. gxf3 Rxc1 29. Qxc1 Qf7 30. Qc8+ Qf8 31. Qxd7 Bg1 32. Qxe6+ Kh8 33. Bd3 g6 34. Qe5+ Qg7 35. Qe8+ Qg8 36. Qe5+ Qg7 1/2-1/2

[Event "Gibraltar Amateur op-B"]
[Site "Caleta"]
[Date "2017.01.29"]
[Round "2"]
[White "Gough, Theo"]
[Black "Koreywo, Witold"]
[Result "1-0"]
[WhiteElo "1330"]
[BlackElo "1620"]
[PlyCount "59"]
[EventDate "2017.01.28"]
[EventType "swiss"]
[EventRounds "5"]
[EventCountry "GGB"]
[SourceTitle "EXT 2018"]
[Source "ChessBase"]
[SourceDate "2017.10.13"]
[SourceVersion "1"]
[SourceVersionDate "2017.10.13"]
[SourceQuality "1"]

1. d4 f5 2. Bf4 Nf6 3. e3 e6 4. Nf3 Be7 5. Bd3 0-0 6. 0-0 d6 7. c4 Qe8 8. Nc3 c6 9. Qb3 d5 10. cxd5 exd5 11. Ne5 Kh8 12. f3 Nh5 13. Ne2 Nxf4 14. Nxf4 g5 15. Ne2 Nd7 16. f4 g4 17. Ng3 Nxe5 18. fxe5 Bg5 19. Nxf5 Bxf5 20. Bxf5 Bxe3+ 21. Qxe3 Qh5 22. Bd3 g3 23. Rxf8+ Rxf8 24. Qxg3 Rg8 25. Qf2 Qg4 26. h3 Qxh3 27. Qf6+ Rg7 28. Qf8+ Rg8 29. Qxg8+ Kxg8 30. gxh3 1-0

[Event "Gibraltar Amateur op-A"]
[Site "Caleta"]
[Date "2017.01.26"]
[Round "4"]
[White "Manchado Garrido, Marcos Antonio"]
[Black "Koreywo, Witold"]
[Result "1/2-1/2"]
[WhiteElo "1429"]
[BlackElo "1620"]
[PlyCount "52"]
[EventDate "2017.01.23"]
[EventType "swiss"]
[EventRounds "5"]
[EventCountry "GGB"]
[SourceTitle "CBM 176 Extra"]
[Source "ChessBase"]
[SourceDate "2017.03.02"]
[SourceVersion "1"]
[SourceVersionDate "2017.03.02"]
[SourceQuality "1"]

1. d4 f5 2. c4 e6 3. Nf3 Nf6 4. a3 Be7 5. e3 0-0 6. Be2 d6 7. 0-0 Nbd7 8. Nc3 e5 9. dxe5 Nxe5 10. Qb3 Nxf3+ 11. Bxf3 c6 12. Rd1 Qc7 13. Ne2 Ng4 14. Ng3 Be6 15. Qc2 Ne5 16. Be2 Rf7 17. b3 g6 18. Bb2 Bf6 19. f4 Ng4 20. Bxg4 fxg4 21. Bxf6 Rxf6 22. Qc3 Rff8 23. Ne4 Rfd8 24. Rd2 Bf5 25. Ng3 Qe7 26. Rad1 Rd7 1/2-1/2

[Event "Gibraltar Amateur op-A"]
[Site "Caleta"]
[Date "2017.01.23"]
[Round "1"]
[White "Koreywo, Witold"]
[Black "Lochte, Szilvia"]
[Result "1/2-1/2"]
[WhiteElo "1620"]
[BlackElo "1829"]
[PlyCount "51"]
[EventDate "2017.01.23"]
[EventType "swiss"]
[EventRounds "5"]
[EventCountry "GGB"]
[SourceTitle "CBM 176 Extra"]
[Source "ChessBase"]
[SourceDate "2017.03.02"]
[SourceVersion "1"]
[SourceVersionDate "2017.03.02"]
[SourceQuality "1"]

1. d4 Nf6 2. Bf4 e6 3. e3 c5 4. c3 d5 5. Nf3 Nc6 6. Nbd2 Bd6 7. Bxd6 Qxd6 8. Bd3 0-0 9. 0-0 e5 10. dxe5 Nxe5 11. Nxe5 Qxe5 12. Nf3 Qh5 13. Re1 Be6 14. Be2 Ne4 15. Nd2 Qh4 16. Nxe4 dxe4 17. g3 Qe7 18. c4 Rad8 19. Qc2 f5 20. Rad1 Qf6 21. b3 g5 22. Rxd8 Rxd8 23. Qc1 Rd7 24. Rd1 Qd8 25. Rxd7 Qxd7 26. Qd1 1/2-1/2